| Tag |
First Indicator |
Second Indicator |
Subfields |
| LEADER |
00000cam a22000001a 4500 |
| 001 |
in00002780152 |
| 005 |
20150922120625.0 |
| 008 |
781130s1963 nyua j 000 1 eng |
| 010 |
|
|
|a 63014444
|
| 020 |
|
|
|a 0064430243
|
| 020 |
|
|
|a 9780064430241
|
| 020 |
|
|
|z 0081243242
|
| 020 |
|
|
|a 0064430235 (pbk.)
|
| 020 |
|
|
|a 9780064430234 (pbk.)
|
| 035 |
|
|
|a (OCoLC)ocm04529502
|
| 040 |
|
|
|a DLC
|c DLC
|d UtOrBLW
|
| 049 |
|
|
|a TXAM
|
| 050 |
0 |
0 |
|a PZ7.J63162
|b Ha 1963
|
| 082 |
0 |
0 |
|a [E]
|
| 100 |
1 |
|
|a Johnson, Crockett,
|d 1906-1975.
|
| 245 |
1 |
0 |
|a Harold's ABC :
|b another purple crayon adventure /
|c story and pictures by Crockett Johnson.
|
| 264 |
|
1 |
|a New York :
|b HarperCollins,
|c [1963]
|
| 264 |
|
4 |
|c ©1963
|
| 300 |
|
|
|a 1 volume (unpaged) :
|b color illustrations ;
|c 16 cm.
|
| 336 |
|
|
|a text
|b txt
|2 rdacontent
|
| 337 |
|
|
|a unmediated
|b n
|2 rdamedia
|
| 338 |
|
|
|a volume
|b nc
|2 rdacarrier
|
| 520 |
|
|
|a Harold takes a trip to the moon and comes home again simply by drawing his way through the letters of the alphabet with a purple crayon.
|
| 650 |
|
0 |
|a Harold (Fictitious character : Johnson)
|v Juvenile fiction.
|
| 650 |
|
0 |
|a Alphabet
|v Juvenile fiction.
|
| 650 |
|
0 |
|a Crayons
|v Juvenile fiction.
|
| 650 |
|
0 |
|a Drawing
|v Juvenile fiction.
|
| 650 |
|
0 |
|a Adventure and adventurers.
|
| 650 |
|
0 |
|a Imagination
|v Juvenile fiction.
|
| 650 |
|
1 |
|a Alphabet.
|
| 945 |
|
|
|a PromptCat
|b 30975
|
| 946 |
|
|
|a curr
|
| 947 |
|
|
|a A14835997124
|
| 948 |
|
|
|a cataloged
|b h
|c 2012/10/3
|d c
|e dmitchel
|f 9:10:20 am
|
| 994 |
|
|
|a 92
|b TXA
|
| 999 |
|
|
|a MARS
|
| 999 |
f |
f |
|s fe5ef6d7-f1fe-3479-a91f-d15ada4e8129
|i 62b54385-3e41-37b2-a16b-d9ade795eb7b
|t 0
|
| 952 |
f |
f |
|p normal
|a Texas A&M University
|b College Station
|c Sterling C. Evans Library
|d Evans: Curriculum Collection (4th floor)
|t 0
|e PZ7.J63162 Ha 1963
|h Library of Congress classification
|i unmediated -- volume
|m A14835997124
|
| 998 |
f |
f |
|a PZ7.J63162 Ha 1963
|t 0
|l Evans: Curriculum Collection (4th floor)
|